Statistics for Birmingham City Premier League Players

Click here to take the quiz!

General Stats

  • This quiz has been taken 171 times
  • The average score is 30 of 106

Answer Stats

Blues% Correct
Stern John
76%
Roger Johnson
65%
Damien Johnson
64%
Michael Johnson
63%
Maik Taylor
62%
Martin Taylor
61%
Sebastian Larsson
61%
Nikola Žigić
59%
Obafemi Martins
59%
Joe Hart
56%
Ben Foster
54%
Robbie Savage
54%
Craig Gardner
53%
Stephen Carr
53%
David Dunn
50%
Christophe Dugarry
49%
Mikael Forssell
49%
Emile Heskey
48%
Cameron Jerome
46%
Lee Bowyer
45%
Liam Ridgewell
44%
Barry Ferguson
43%
Scott Dann
43%
Clinton Morrison
42%
Kevin Phillips
42%
Julian Gray
35%
Kenny Cunningham
35%
David Murphy
34%
Curtis Davies
33%
Ian Bennett
33%
Geoff Horsfield
32%
James McFadden
32%
Matthew Upson
32%
Stan Lazaridis
32%
Alex Bruce
31%
Aliou Cissé
31%
Fabrice Muamba
31%
Keith Fahey
31%
Jermaine Pennant
30%
Bryan Hughes
29%
Martin Grainger
29%
Alexander Hleb
28%
Christian Benítez
28%
Darren Carter
28%
David Bentley
28%
Gary McSheffrey
28%
Jeff Kenna
28%
Mario Melchiot
28%
Stephen Clemence
28%
Olivier Kapo
27%
Chris Sutton
25%
Garry O'Connor
25%
Colin Doyle
24%
DJ Campbell
24%
Jamie Clapham
24%
Martin Jiránek
24%
Mauro Zárate
24%
Mehdi Nafti
24%
Nico Vaesen
24%
Olivier Tébily
24%
Radhi Jaïdi
24%
Stuart Parnaby
24%
Darren Purse
23%
Dwight Yorke
23%
Muzzy Izzet
22%
Darren Anderton
21%
Jean Beausejour
21%
Jiří Jarošík
21%
Nicky Butt
21%
Paul Devlin
21%
Franck Queudrue
19%
Lee Carsley
19%
Walter Pandiani
18%
Daniël de Ridder
17%
Jesper Grønkjær
17%
Ferdinand Coly
16%
Robbie Blake
15%
Neil Kilkenny
14%
Salif Diao
14%
Steve Vickers
14%
Mat Sadler
13%
Míchel
13%
Johan Djourou
12%
Matt Derbyshire
12%
Richard Kingson
12%
Neil Danns
11%
Tommy Mooney
11%
Andy Marriott
10%
Darren Powell
10%
Jovan Kirovski
10%
Luciano Figueroa
10%
Borja Oubiña
9%
Grégory Vignal
9%
Jay O'Shea
9%
Jordan Mutch
9%
Martin Latka
9%
Teemu Tainio
9%
Wilson Palacios
9%
Curtis Woodhouse
8%
Joey Hutchinson
8%
Marcos Painter
8%
Rafael Schmitz
8%
Andrew Barrowman
7%
Craig Fagan
7%
Mathew Birley
6%
Piotr Świerczewski
6%

Score Distribution

Percentile by Number Answered

Percent of People with Each Score

Your Score History

You have not taken this quiz